000 01622nam a2200289 a 4500
001 000030509
005 20250217091458.0
008 110523s2011 dr ac 001 0dspa d
020 _a9789993467649
040 _aDO-SdBNP
_bspa
_cBNPHU
082 _a277.293
_bS127e
100 1 _a Sáez , José Luis
_d1937-
_9620
245 1 0 _aEpiscopologio de la Arquidiócesis de Santo Domingo /
_cJosé Luis Sáez ; presentación de Nicolás de Jesús López Rodríguez.
260 _aSanto Domingo :
_bArzobispado de Santo Domingo,
_c2011.
300 _a162 p. :
_bil., retrs. ;
_c26 cm.
500 _aIncluye índice onomástico, de lugares y materias.
504 _aIncluye bibliografía y notas al pie de páginas.
504 _aBibliografía: p.147-149.
505 0 _gPresentación /
_rNicolás de Jesús López Rodríguez --
_tGobierno de la iglesia dominicana 1511-2010 --
_tObispos y arzobispos de la iglesia dominicana 1511-2010 --
_tObispos y arzobispos que nunca gobernaron su sede 1556-1859 --
_gApéndices:
_tTres vicarios apostólicos al frente de la arquidiócesis 1866-1882 --
_tTres administradores apostólicos al frente de la arquidiócesis 1931-1935 --
_tAdministrador apostólico, sede plena 1965-1970 --
_gBibliografía.
590 _aInventariado, 2018/ YL
650 4 _aIglesia católica
_zRepública Dominicana
_xHistoria
_9358
650 0 _aClero
_919068
651 4 _aRepública Dominicana
_xHistoria Eclesiástica
_ySIGLO XX
_92410
700 1 _a López Rodríguez, Nicolás de Jesús,
_d1936-
_epresent.
_9670
710 2 _aArquidiócesis de Santo Domingo
_953674
910 _aValidado. Control de calidad EMS
999 _c30001
_d30001